[Event "2023 Spring TNM: 1600-1999"]
[Site "San Francisco"]
[Date "2023.03.07"]
[Round "1"]
[Board "18"]
[White "Wong, Wilson"]
[Black "Bhingarkar, Pratyush"]
[Result "1/2-1/2"]
[WhiteElo "1673"]
[BlackElo "1421"]
[Annotator "Winslow,Elliott"]
[PlyCount "99"]
[EventDate "2023.??.??"]

1. e4 c5 2. Nf3 d6 3. d4 cxd4 4. Nxd4 Nf6 5. Nc3 a6 6. Be3 e5 7. Nb3 Be6 8. f3
Be7 9. Qd2 Nbd7 10. g4 Qc7 11. g5 Nh5 12. Nd5 Bxd5 13. Qxd5 Rc8 14. Bd3 Nb6 15.
Qa5 Nc4 16. Qxc7 Rxc7 17. Bxc4 Rxc4 18. O-O-O b5 19. Na5 Rc7 20. Bb6 $6 Bxg5+
$6 (20... Rc8) 21. Kb1 Rd7 22. Nc6 $2 (22. c4 $1 $11) 22... O-O (22... f5 $1)
23. h4 Bf6 (23... Bf4 $17) 24. Nb4 Ra8 25. Nd5 Bd8 26. Rd2 Nf6 27. Bxd8 Raxd8
28. Nxf6+ gxf6 29. Rhd1 Kf8 30. a4 bxa4 31. Rd5 Ke7 32. Ra5 Ra7 33. Rg1 Ke6 34.
Rxa4 f5 35. c4 Rb8 36. Rg7 Kf6 37. Rg5 fxe4 38. fxe4 Rab7 39. Rg2 Rb6 40. Ka2
Ke6 41. Ra3 f5 42. exf5+ Kxf5 43. Rf3+ Ke6 44. h5 e4 45. Re3 Ke5 46. Rge2 d5
47. cxd5 Kxd5 48. Rxe4 Rxb2+ 49. Ka3 Rxe2 50. Rxe2 {[.... 70-72 moves]} 1/2-1/2

[Event "2023 Spring TNM: 1600-1999"]
[Site "San Francisco"]
[Date "2023.03.07"]
[Round "1"]
[Board "19"]
[White "Gu, Thomas"]
[Black "Srinivasan, Sivavishnu"]
[Result "1-0"]
[WhiteElo "1403"]
[BlackElo "1668"]
[PlyCount "81"]
[EventDate "2023.??.??"]

{[%evp 0,22,30,25,63,60,64,43,50,50,50,35,36,35,37,37,26,0,0,18,53,1,25,1,126]}
1. e4 c6 2. d4 d5 3. Nc3 dxe4 4. Nxe4 Nf6 5. Nxf6+ exf6 6. c3 Bd6 7. Bd3 O-O 8.
Qc2 g6 9. Ne2 Be6 10. h4 f5 11. h5 f6 12. hxg6 hxg6 13. g4 Qd7 14. gxf5 gxf5
15. Bh6 Rf7 16. O-O-O Rh7 17. d5 cxd5 18. Nd4 Rxh6 19. Rdg1+ Kf7 20. Rxh6 Bf4+
21. Kb1 Bxh6 22. Re1 Nc6 23. Nxe6 Qd6 24. Bxf5 Ne5 25. f4 Nd7 26. Qh2 Rh8 27.
Qh5+ Ke7 28. Nc5+ Ne5 29. Nd3 Bg7 30. Qe2 Kd8 31. fxe5 fxe5 32. Nxe5 Qf6 33.
Qd3 Kc7 34. Ng4 Qd6 35. Qe3 Rf8 36. Qe7+ Qxe7 37. Rxe7+ Kb6 38. Ne3 Bf6 39.
Nxd5+ Kc5 40. Nxf6 Rxf6 41. Be4 1-0

[Event "2023 Spring TNM: 1600-1999"]
[Site "San Francisco"]
[Date "2023.03.07"]
[Round "1"]
[Board "20"]
[White "Chitta, Adithya"]
[Black "Agdamag, Samuel"]
[Result "0-1"]
[WhiteElo "1647"]
[BlackElo "1400"]
[PlyCount "140"]
[EventDate "2023.??.??"]

1. d4 Nf6 2. c4 g6 3. Nc3 Bg7 4. e4 d6 5. Be2 Nbd7 6. Be3 O-O 7. h4 c5 8. d5
Qa5 9. Qd2 Ne5 10. f3 Nh5 11. Bf2 Nf6 12. g4 a6 13. Bg3 Ne8 14. h5 Rb8 15. Bf1
Bd7 16. Bf4 b5 17. cxb5 axb5 18. Bh6 b4 19. Nd1 Nxf3+ 20. Nxf3 Bxg4 21. Be2
Bxh5 22. Bxg7 Nxg7 23. Ne3 Qd8 24. Nc4 Qc8 25. Ng5 h6 26. Bxh5 Nxh5 27. Nh3 Qg4
28. Nf2 Qg5 29. O-O-O Qxd2+ 30. Kxd2 Ra8 31. a3 bxa3 32. bxa3 Ra4 33. Kc3 Rb8
34. Rd3 Kg7 35. Rf3 Nf6 36. Rfh3 h5 37. Re3 Rba8 38. Nd1 Rb8 39. Nf2 Rb7 40.
Nd3 Ng4 41. Re2 Nf6 42. e5 Nxd5+ 43. Kd2 Rxc4 44. Rg2 Rg4 45. Rxg4 hxg4 46. Rg1
c4 47. Nb4 Nxb4 48. axb4 Rxb4 49. exd6 exd6 50. Kc3 Ra4 51. Rxg4 Kf6 52. Rf4+
Ke6 53. Re4+ Kd7 54. Rf4 f5 55. Rf2 Ke6 56. Rg2 Kf6 57. Rd2 Ra6 58. Kxc4 g5 59.
Kb5 Ra1 60. Rxd6+ Ke5 61. Rg6 Kf4 62. Kc5 Rd1 63. Kc4 g4 64. Kc3 Kf3 65. Kc2
Rd8 66. Rf6 f4 67. Rh6 Kg2 68. Rg6 g3 69. Re6 Kf2 70. Rh6 f3 0-1

[Event "2023 Spring TNM: Under 1600"]
[Site "San Francisco"]
[Date "2023.03.07"]
[Round "1"]
[Board "21"]
[White "Galvin, Connor"]
[Black "Agdamag, Samuel"]
[Result "1-0"]
[WhiteElo "1590"]
[BlackElo "1112"]
[Annotator "Winslow,Elliott"]
[PlyCount "49"]
[EventDate "2023.03.07"]

{[%evp
0,49,23,16,85,67,71,55,82,57,26,2,17,13,37,33,65,41,45,46,22,31,73,73,88,94,116,120,285,312,309,294,498,585,585,153,239,215,228,226,280,248,235,311,464,464,459,458,804,364,29999,-30000]}
1. e4 c6 2. d4 d5 3. e5 c5 4. c3 Nc6 5. Be3 cxd4 6. cxd4 Qb6 7. Nc3 e6 8. Rb1
Nge7 9. Bd3 Bd7 10. Nf3 Ng6 11. a3 Be7 12. h4 Qd8 13. h5 Nh4 14. Nxh4 Bxh4 15.
Qg4 g5 16. hxg6 hxg6 17. g3 Bf6 18. Rxh8+ Bxh8 19. Bxg6 Qe7 20. Bg5 Qf8 21. Nb5
fxg6 22. Nd6+ Qxd6 23. exd6 Nxd4 24. Be7 g5 25. Qh5# 1-0

[Event "2023 Spring TNM: Under 1600"]
[Site "San Francisco"]
[Date "2023.03.07"]
[Round "1"]
[Board "22"]
[White "McCutcheon, Bennett"]
[Black "Cooper, Lee"]
[Result "0-1"]
[WhiteElo "1108"]
[BlackElo "1567"]
[PlyCount "90"]
[EventDate "2023.03.07"]

1. e4 e6 2. d4 d5 3. e5 c5 4. Nf3 Bd7 5. c4 Bc6 6. Nc3 cxd4 7. Qxd4 Bb4 8. c5
Qa5 9. Bd2 Qxc5 10. Qxc5 Bxc5 11. Bd3 Ne7 12. Nb5 Bxb5 13. Bxb5+ Nbc6 14. Rc1
Bb6 15. O-O O-O 16. Rfd1 Rac8 17. Bxc6 Nxc6 18. Bf4 Nb4 19. a3 Rxc1 20. Bxc1
Nc6 21. b4 Rc8 22. Bb2 Ne7 23. Rc1 Rxc1+ 24. Bxc1 f6 25. Bb2 Kf7 26. g4 Ng6 27.
exf6 gxf6 28. g5 Bd8 29. Bc1 e5 30. h4 e4 31. Nd4 Nxh4 32. Nb5 Nf3+ 33. Kg2
fxg5 34. Nd6+ Kg6 35. Nxb7 Bb6 36. Nc5 Bxc5 37. bxc5 Ne5 38. Be3 Kf5 39. Kg3 h5
40. a4 Nc6 41. f3 h4+ 42. Kf2 exf3 43. Kxf3 g4+ 44. Kg2 d4 45. Bd2 d3 0-1

[Event "2023 Spring TNM: Under 1600"]
[Site "San Francisco"]
[Date "2023.03.07"]
[Round "1"]
[Board "23"]
[White "Barreyro, Romeo Belmes"]
[Black "Ahrens, Richard William"]
[Result "1-0"]
[WhiteElo "1516"]
[BlackElo "1103"]
[PlyCount "113"]
[EventDate "2023.03.07"]

1. f4 Nf6 2. Nf3 Nc6 3. d4 d6 4. Nc3 Bg4 5. e3 d5 6. Be2 Ne4 7. Nxe4 dxe4 8.
Ng5 Bxe2 9. Qxe2 f5 10. Ne6 Qd6 11. Nxf8 Rxf8 12. Bd2 O-O-O 13. c4 e6 14. a3
Rh8 15. Bc3 Rhg8 16. O-O-O g6 17. b4 a6 18. h4 h5 19. Kb2 Ne7 20. d5 exd5 21.
Be5 Qc6 22. Rc1 Rd7 23. cxd5 Qb5 24. Qxb5 axb5 25. d6 Nd5 26. dxc7 Nxe3 27. Rc5
Nc4+ 28. Kc3 Nxe5 29. fxe5 Rxc7 30. Rd1 b6 31. Rxc7+ Kxc7 32. Rd5 Kc6 33. Rd6+
Kc7 34. Rd5 Rd8 35. Rxb5 Rd3+ 36. Kc4 Rxa3 37. Rd5 Rd3 38. Rxd3 exd3 39. Kxd3
Kd7 40. Ke3 Ke6 41. Kf4 b5 42. g3 Kd5 43. Kg5 Kxe5 44. Kxg6 f4 45. gxf4+ Kxf4
46. Kxh5 Kf5 47. Kh6 Kf6 48. h5 Kf7 49. Kg5 Kg7 50. Kf5 Kh6 51. Ke5 Kxh5 52.
Kd5 Kg6 53. Kc5 Kf7 54. Kxb5 Ke7 55. Kb6 Kd7 56. b5 Kc8 57. Ka7 1-0

[Event "2023 Spring TNM: Under 1600"]
[Site "San Francisco"]
[Date "2023.03.07"]
[Round "1"]
[Board "24"]
[White "Schmidt, Otto Albert"]
[Black "Starr, Albert Martin"]
[Result "0-1"]
[WhiteElo "1089"]
[BlackElo "1500"]
[PlyCount "90"]
[EventDate "2023.03.07"]

1. d4 f5 2. Bf4 Nf6 3. Nf3 e6 4. e3 Be7 5. Bd3 O-O 6. Nc3 c6 7. Qd2 d5 8. Ne5
Nbd7 9. O-O-O Nxe5 10. Bxe5 Nd7 11. Bg3 b5 12. f3 a5 13. e4 Nb6 14. Be5 Ba6 15.
Rhg1 b4 16. Nb1 Bxd3 17. Qxd3 Nc4 18. exf5 Nxe5 19. dxe5 Rxf5 20. Rde1 Qc7 21.
Qe2 Bg5+ 22. Nd2 Bf4 23. g3 Rxe5 24. Qd3 Rxe1+ 25. Rxe1 Bxd2+ 26. Kxd2 e5 27.
Qf5 Re8 28. h4 Qf7 29. Rxe5 Rxe5 30. Qxe5 Qxf3 31. Qe8+ Qf8 32. Qxc6 Qf2+ 33.
Kd1 Qd4+ 34. Ke2 Qe4+ 35. Kf2 h6 36. Qc8+ Kh7 37. g4 a4 38. Qf5+ Qxf5+ 39. gxf5
g5 40. hxg5 hxg5 41. Kf3 Kg7 42. a3 bxa3 43. bxa3 Kf6 44. Kg4 d4 45. Kf3 Kxf5
0-1

[Event "2023 Spring TNM: Under 1600"]
[Site "San Francisco"]
[Date "2023.03.07"]
[Round "1"]
[Board "25"]
[White "Yamamoto, Craig"]
[Black "Toczyski, David Paul"]
[Result "0-1"]
[WhiteElo "1500"]
[BlackElo "1081"]
[PlyCount "46"]
[EventDate "2023.03.07"]

1. e4 c5 2. f3 Nc6 3. f4 e6 4. Nf3 a6 5. a4 Nge7 6. d3 g6 7. d4 cxd4 8. Nxd4
Bg7 9. c3 O-O 10. Be2 b6 11. Be3 Bb7 12. Nxc6 Bxc6 13. Bf3 Rc8 14. Bd4 d5 15.
exd5 Bxd5 16. Bxd5 Qxd5 17. O-O Bxd4+ 18. cxd4 Rfd8 19. Nd2 Qxd4+ 20. Rf2 Qxb2
21. Rb1 Qd4 22. Qb3 Nd5 23. Qd1 Nc3 0-1

[Event "2023 Spring TNM: Under 1600"]
[Site "San Francisco"]
[Date "2023.03.07"]
[Round "1"]
[Board "26"]
[White "Hollon, Nick"]
[Black "Chan, John"]
[Result "0-1"]
[WhiteElo "1074"]
[BlackElo "1500"]
[PlyCount "90"]
[EventDate "2023.03.07"]

1. e4 e6 2. d4 d5 3. e5 c5 4. c3 Nc6 5. Nf3 h6 6. Bd3 Bd7 7. O-O a6 8. Be3 c4
9. Bc2 b5 10. b4 a5 11. Bd2 axb4 12. cxb4 Bxb4 13. Bxb4 Nxb4 14. Nc3 Nxc2 15.
Qxc2 b4 16. Ne2 Ne7 17. Qb2 Rb8 18. Rfb1 O-O 19. g4 Ng6 20. Qd2 c3 21. Qc1 Bb5
22. Ng3 Bd3 23. Rb3 Be4 24. Ne1 Nh4 25. Nxe4 dxe4 26. Nc2 Nf3+ 27. Kg2 Qe7 28.
Qe3 Nd2 29. Rxb4 Rxb4 30. Qxc3 Ra4 31. Qxd2 Qb7 32. Kg1 Rc8 33. Ne3 Ra3 34. Rc1
Rd3 35. Rxc8+ Qxc8 36. Qb4 Qd8 37. Nc2 Qh4 38. Ne3 h5 39. Qa4 Qd8 40. Nc2 hxg4
41. Qc6 Rd1+ 42. Kg2 Qh4 43. Qa8+ Kh7 44. Qxe4+ g6 45. a4 Qh3# 0-1

[Event "2023 Spring TNM: Under 1600"]
[Site "San Francisco"]
[Date "2023.03.07"]
[Round "1"]
[Board "27"]
[White "Brown, Nicholas M"]
[Black "Blum, Paul"]
[Result "1/2-1/2"]
[WhiteElo "1480"]
[BlackElo "1033"]
[Annotator "Winslow,Elliott"]
[PlyCount "121"]
[EventDate "2023.03.07"]

1. d4 d5 2. c4 e6 3. Nf3 Nf6 4. Bg5 Bb4+ 5. Nc3 O-O 6. e3 Nbd7 7. Bd3 c6 8. O-O
Bd6 9. Qc2 h6 10. Bh4 Qc7 11. c5 Be7 12. Bg3 Qd8 13. b4 b6 14. a3 Bb7 15. Rfe1
Re8 16. h3 Bf8 17. Bh4 Qb8 18. Na4 e5 19. dxe5 Nxe5 20. Nxe5 Qxe5 21. Bg3 Qe6
22. cxb6 a6 23. Nc5 Bxc5 24. bxc5 Ne4 25. Bc7 Qe7 26. f3 Nxc5 27. Bf1 Ne6 28.
Bh2 Qf6 29. Rad1 Rad8 30. e4 d4 31. e5 Qg5 32. Re4 c5 33. Rg4 Qe3+ 34. Kh1 Qxa3
35. Bd3 Qa5 36. Qc1 Ng5 37. Be4 Bxe4 38. fxe4 Qxb6 39. h4 Qe6 40. Rf4 Nh7 41.
Qxc5 Qxe5 42. Qc4 Qe6 43. Rxd4 Qxc4 44. Rxc4 Rd1+ 45. Bg1 Ra1 46. Rc7 Nf6 47.
Kh2 Rxe4 48. Rxe4 Nxe4 49. Bd4 Rf1 50. Ra7 Rf4 51. g3 Nxg3 52. Kxg3 Rxd4 53.
Rxa6 f6 54. Ra8+ Kh7 55. Ra7 Kg6 56. Rb7 h5 57. Rc7 Rg4+ 58. Kh3 Kf5 59. Rc5+
Kg6 60. Rd5 f5 61. Rd6+ {Here the yellow sheet was already written on, thus
unreadable.} 1/2-1/2

[Event "2023 Spring TNM: Under 1600"]
[Site "San Francisco"]
[Date "2023.03.07"]
[Round "1"]
[Board "28"]
[White "Nolen, Sam"]
[Black "Tam, Hoa Long"]
[Result "1-0"]
[WhiteElo "1011"]
[BlackElo "1460"]
[Annotator "Nolen,Sam"]
[PlyCount "129"]
[EventDate "2023.03.07"]

1. e4 c6 2. d4 d5 3. Nc3 dxe4 4. Nxe4 Nf6 5. Nxf6+ exf6 6. Nf3 Bd6 7. Be3 O-O
8. Bc4 b5 9. Be2 Bg4 10. O-O Qc7 11. h3 Bh5 12. Rc1 $5 {12. a4 is faster but I
think this move followed by c4 makes a lot of sense.} Nd7 13. c4 Qa5 $2 14. Qb3
(14. c5 Bc7 15. Qb3 Rfe8 16. d5 {and White is winning}) 14... a6 15. Bd2 (15.
cxb5 {right away is best} axb5 (15... cxb5 16. Qd5) 16. Rxc6) 15... Qd8 16.
Rfe1 Re8 17. Qd3 $2 Nf8 (17... Bg6 $1 18. Qb3) 18. Nh4 Bxe2 19. Rxe2 Ra7 20.
Nf5 (20. Rxe8 Qxe8 21. Nf5 $1 Rd7 22. Qf3 Qd8 23. Qxc6) 20... Bb8 $2 (20...
Re6) 21. Rce1 $2 (21. Rxe8) 21... Rxe2 22. Qxe2 Rd7 $2 23. Ne7+ $1 Kh8 24. Nxc6
Qc7 (24... Bh2+ 25. Kxh2 Qc7+ 26. Kg1 Qxc6 27. Qe8 Kg8 28. Bb4 {and Black is
getting mated}) 25. Nxb8 Qxb8 26. cxb5 (26. Qe8 {is still good here. This is
the key idea White misses to finish off the game early.}) 26... axb5 27. Be3 $4
(27. Qe8 {is still good!} Rd8 28. Qxf7 Ng6 29. a3 Rf8 30. Qd7) 27... h6 28. Qd2
Rd5 29. Qb4 Ne6 30. Rd1 $2 (30. a4 $1) 30... Qd6 31. Qxd6 Rxd6 32. Kf1 f5 33.
g3 g5 34. f4 f6 35. d5 Nc7 36. Ke2 Kg7 37. fxg5 fxg5 $2 (37... hxg5) 38. Bd4+
Kf7 39. Be5 Rd7 40. Bxc7 $2 (40. d6 Na6 41. Rd5 Nb4 42. Rxb5 Nxa2 43. Ke3)
40... Rxc7 41. Kd3 Ke7 42. Kd4 $2 (42. Rf1 $1 Kf6 43. Re1) 42... Kd6 43. b3 b4
$4 (43... Rc5 {saves the game.}) 44. Re1 Rc3 45. Re6+ Kd7 46. Rxh6 Rxg3 47. Ke5
f4 48. Rh7+ Kd8 49. Kd6 Kc8 50. Rh8+ Kb7 51. Kd7 f3 52. d6 Rxh3 $4 53. Rxh3 g4
54. Rh7 g3 55. Ke8+ Kc6 56. d7 f2 57. Rf7 g2 58. Rxf2 g1=Q 59. Rf6+ Kb7 60.
d8=Q Qg8+ 61. Kd7 Qd5+ 62. Ke8 Qg8+ 63. Rf8 Qg6+ 64. Rf7+ Kc6 65. Qf6+ 1-0

[Event "2023 Spring TNM: Under 1600"]
[Site "San Francisco"]
[Date "2023.03.07"]
[Round "1"]
[Board "29"]
[White "Karwat, Joseph"]
[Black "Myers, Steven Lee"]
[Result "1-0"]
[WhiteElo "1408"]
[BlackElo "979"]
[PlyCount "69"]
[EventDate "2023.03.07"]

1. e4 e5 2. Nf3 Nc6 3. Bb5 d6 4. d4 Bd7 5. d5 Nb8 6. Bxd7+ Nxd7 7. O-O Ngf6 8.
Nc3 Be7 9. h3 Nc5 10. Qe2 Qd7 11. b4 Na4 12. Nxa4 Qxa4 13. a3 O-O 14. c4 c6 15.
Nd2 Rac8 16. Qd3 c5 17. Rb1 cxb4 18. Rxb4 Qd7 19. Qb3 Rb8 20. a4 Rfc8 21. Ba3
b6 22. a5 Bd8 23. Rb1 Rb7 24. Rb5 a6 25. Rb4 Rcb8 26. Qe3 b5 27. cxb5 Rxb5 28.
Rxb5 Rxb5 29. Rxb5 Qxb5 30. Bxd6 Nd7 31. Qc3 Qb7 32. Bxe5 f6 33. Bd4 Be7 34.
Qb3 Qc7 35. d6+ 1-0

[Event "2023 Spring TNM: Under 1600"]
[Site "San Francisco"]
[Date "2023.03.07"]
[Round "1"]
[Board "30"]
[White "Raahemifar, Keyan"]
[Black "Hilliard, Michael R"]
[Result "0-1"]
[WhiteElo "845"]
[BlackElo "1400"]
[Annotator "Winslow,Elliott"]
[PlyCount "118"]
[EventDate "2023.03.07"]

1. e4 c6 2. Nf3 d5 3. Nc3 dxe4 4. Nxe4 Nd7 5. d4 e6 6. Bd3 Ngf6 7. Nxf6+ Nxf6
8. Bg5 Be7 9. Qd2 O-O 10. O-O b6 11. Rad1 Qc7 12. Ne5 Bb7 13. Qe3 Rad8 14. Qh3
g6 15. Qh4 Nd5 16. c4 Bxg5 17. Qxg5 f6 18. Qg4 Bc8 19. cxd5 exd5 20. Qg3 fxe5
21. Qxe5 Qf7 22. Qg3 Rde8 23. h4 Bf5 24. Bxf5 Qxf5 {[#]} 25. Rde1 Re4 26. Rxe4
Qxe4 27. Qe3 Re8 28. Re1 Kf7 29. Qxe4 Rxe4 30. Rxe4 dxe4 31. Kh2 Ke6 32. f3 e3
33. Kg1 Kd5 34. Kf1 Kxd4 35. Ke2 c5 36. g4 c4 37. h5 g5 38. h6 b5 39. f4 gxf4
40. g5 f3+ 41. Ke1 Kd3 42. g6 f2+ 43. Kf1 Kd2 44. g7 e2+ 45. Kxf2 e1=Q+ 46. Kf3
Qe8 47. Kf4 Kc2 48. Kg5 Kxb2 49. Kf6 c3 50. a4 bxa4 51. Kf5 c2 52. Kf4 c1=Q+
53. Kf5 Qf7+ 54. Ke5 Qg5+ 55. Kd6 Qxh6+ 56. Kc5 Qf5+ 57. Kd4 Qh4+ 58. Ke3 Qhe4+
59. Kd2 Qfd5# 0-1

[Event "2023 Spring TNM: Under 1600"]
[Site "San Francisco"]
[Date "2023.03.07"]
[Round "1"]
[Board "31"]
[White "Olson, David R"]
[Black "Ahearn, Matthew"]
[Result "0-1"]
[WhiteElo "1400"]
[BlackElo "819"]
[Annotator "Winslow,Elliott"]
[PlyCount "36"]
[EventDate "2023.03.07"]

1. e4 e5 2. Nf3 Nc6 3. Nc3 Bc5 4. Be2 Nf6 5. a3 d5 6. exd5 Nxd5 7. Ne4 Bb6 8.
b4 Nf4 9. O-O O-O 10. Bc4 Be6 11. Bxe6 fxe6 12. Bb2 Nd4 13. Nxe5 Nfe2+ 14. Kh1
Qh4 15. f3 Rf4 16. c3 {[#]} Rxe4 ({Everybody should know (and love to play)
Anastasia's Mate:} 16... Qxh2+ $1 17. Kxh2 Rh4#) (16... Ng3+ 17. Nxg3 Qxh2+
{will still work, with the same double check and mate, but why bother. :-)})
17. fxe4 (17. Qe1 $1 {actually avoids checkmate for the foreseeable future!
And, Black has a few pieces hanging! Fortunately for him, he has a couple of
knight moves that still win:} Nf5 $1 {and now only} (17... Nc2 $1 {is
technically the better move after} 18. Qxh4 Rxh4 {still no end in sight
though.}) 18. Qxh4 {avoids mate.} Rxh4 {and some h- or g-pawn move. Yech. But
so messy! Anastasia is the way to go!}) 17... Ng3+ 18. Kg1 Nde2# 0-1

[Event "2023 Spring TNM: Under 1600"]
[Site "San Francisco"]
[Date "2023.03.07"]
[Round "1"]
[Board "32"]
[White "Mullins, Thomas N"]
[Black "Calvert, Sam"]
[Result "0-1"]
[WhiteElo "802"]
[BlackElo "1364"]
[PlyCount "70"]
[EventDate "2023.03.07"]

1. e4 c5 2. Bc4 e6 3. Nf3 Nc6 4. d4 cxd4 5. Nxd4 a6 6. Nxc6 bxc6 7. O-O d5 8.
exd5 cxd5 9. Bb3 Bd6 10. Qf3 Nf6 11. Bf4 e5 12. Bg5 e4 13. Re1 Be6 14. Qc3 Rc8
15. Qd2 O-O 16. Nc3 Bb4 17. Bxf6 Qxf6 18. Bxd5 Bxc3 19. bxc3 Rfd8 20. c4 Rxc4
21. Rab1 Bxd5 22. Qe2 Rdc8 23. Rbc1 Qb2 24. Qd1 Be6 25. Re2 Bg4 26. f3 exf3 27.
Rd2 f2+ 28. Rxf2 Bxd1 29. Rxd1 Rxc2 30. Rdf1 Rxf2 31. Rxf2 Rc1+ 32. Rf1 Rc2 33.
Rd1 Rxg2+ 34. Kh1 Rxh2+ 35. Kg1 Qf2# 0-1

[Event "2023 Spring TNM: Under 1600"]
[Site "San Francisco"]
[Date "2023.03.07"]
[Round "1"]
[Board "33"]
[White "James, Charles"]
[Black "Vasishta, Skanda"]
[Result "1-0"]
[WhiteElo "1356"]
[BlackElo "478"]
[PlyCount "43"]
[EventDate "2023.03.07"]

1. d4 d5 2. c4 c6 3. Nf3 Bf5 4. Nc3 e6 5. Bf4 Nd7 6. e3 f6 7. h3 c5 8. cxd5
exd5 9. Nxd5 cxd4 10. Nxd4 Qa5+ 11. Nc3 Nc5 12. Nxf5 Be7 13. Bb5+ Kf8 14. O-O
Rd8 15. Qf3 g5 16. Bg3 h5 17. Nxe7 Nxe7 18. Qxf6+ Kg8 19. Be5 Rh7 20. Bc4+ Nd5
21. Nxd5 Rf7 22. Qh8# 1-0

[Event "2023 Spring TNM: Under 1600"]
[Site "San Francisco"]
[Date "2023.03.07"]
[Round "1"]
[Board "34"]
[White "Ell, Adeline Christiana"]
[Black "Clark, Drew H"]
[Result "0-1"]
[WhiteElo "277"]
[BlackElo "1319"]
[PlyCount "62"]
[EventDate "2023.03.07"]

1. c4 e5 2. Nc3 Nf6 3. e3 c6 4. Nf3 Qa5 5. b3 Bb4 6. Bb2 d6 7. Qc2 Bg4 8. d4 e4
9. Nd2 d5 10. a3 Be7 11. f3 exf3 12. gxf3 Bh5 13. Rg1 O-O 14. b4 Qc7 15. Rg2
Bg6 16. e4 dxe4 17. fxe4 Qf4 18. Ne2 Qh4+ 19. Rf2 Nxe4 20. Nxe4 Bxe4 21. Qc3
Bf6 22. Qe3 Nd7 23. O-O-O Rae8 24. Qg3 Qh6+ 25. Rd2 Bh4 26. Qxg7+ Qxg7 27. Rg2
Bxg2 28. d5 Bf6 29. Bxf6 Nxf6 30. Bxg2 Qxg2 31. Nf4 Qf1+ 0-1

[Event "2023 Spring TNM: Under 1600"]
[Site "San Francisco"]
[Date "2023.03.07"]
[Round "1"]
[Board "35"]
[White "Marvin, Hayes Alexander"]
[Black "Le, Thu"]
[Result "1/2-1/2"]
[WhiteElo "1310"]
[BlackElo "103"]
[Annotator "Le,Thu"]
[PlyCount "100"]
[EventDate "2023.03.07"]

1. e4 c6 2. d4 d5 3. e5 e6 4. Nf3 c5 5. Bb5+ $6 Bd7 6. Bxd7+ Nxd7 7. O-O Ne7 8.
Be3 Nf5 9. Bf4 $6 Be7 $6 10. g4 $4 {This seems aggressive too early $2 Maybe I
can take advantage with Queenside castling or Kd7, though it can be risky and
g4 isn't much of a real Kingside threat at this point} Nh4 (10... Nxd4 11. Nxd4
cxd4) 11. Nxh4 Bxh4 12. dxc5 Nxc5 13. Nd2 Be7 {I considered h5 but didn't think
that this was the right time yet -- a) if gxh5, can't take back because Qd1 b)
if g5, there's Bf4. Anyway, Stockfish says h5 is best.} 14. Nb3 Qc7 15. Re1
O-O-O $6 16. Qd4 $6 g5 {My idea was to sac a pawn to open up the g file for the
Rook.} 17. Bxg5 $2 (17. Be3 b6 {[%eval -32,0]} 18. a4) 17... Bxg5 $6 {I
considered 2 other variations below but didn't want to open up files for their
Rooks on the Queenside, which could be challenging to defend against. But
Stockfish said I was seeing ghosts again $2} (17... Nxb3 18. cxb3 (18. axb3 $2)
18... Bxg5 $1 (18... Kb8 19. Rac1)) 18. Qxc5 $1 {Alrighty now it's a forced
endgame with a pawn down for Black} (18. Nxc5 h5 {[%eval -136,0]}) 18... Qxc5
19. Nxc5 h5 20. gxh5 Rxh5 21. Nd3 {Very nice move since it prevents Bf4 and
guards the e5 and b2 pawns} Rdh8 $6 {Should have gone Rg8 to claim the open
file} (21... Rg8) 22. f4 Bd8 23. Re2 $1 Rg8+ 24. Rg2 Bb6+ 25. Kh1 Rxg2 $2
{Where Black started to go wrong. Should have just kept the Rook} (25... Rf8
26. Rf1 {[%eval 0,0]} Rfh8 {[%eval 0,0]}) 26. Kxg2 Rh6 27. Rh1 $6 f6 $2 {To
split up White's central pawns} 28. exf6 Rxf6 29. c3 $6 Bc7 30. Kg3 $6 Rg6+ 31.
Kf3 Rf6 32. Ke3 Rf5 33. h4 e5 $2 {The idea is to clean up White's f-pawn, then
trade the Bishop for the Knight and block the h pawn with the Rook & King. This
is a mistake because White has a more active King, plus White's Rook can cut
off Black's King at the open g-file} 34. fxe5 Bxe5 (34... Bxe5 35. Nxe5 {[%eval
721,0]} Rxe5+ {[%eval 425,0]} 36. Kf4 {[%eval 361,0]} Rh5 {[%eval 384,0]} 37.
Kg4 {[%eval 464,0]} Rh8 {[%eval 368,0]} 38. Kg5 {[%eval 393,0]} Kd7 {[%eval
444,0]} 39. h5 {[%eval 559,0]} Ke7 {[%eval 508,0]} 40. h6 {[%eval 509,0]} Kf7
{[%eval 512,0]} 41. Rf1+ {[%eval 512,0]} Ke7 {[%eval 523,0]}) 35. h5 $6 {Butttt
I got away with it $3 $1} Bh8 {Sliding the Bishop out} 36. Nf4 $2 {Now the
Knight is coming to guard the h8 square, also making it more tricky for Black's
King to walk over} Bf6 37. Ng6 Bg5+ $6 {Trying to push White's King away and
create counterplay} 38. Kd4 $2 Bf6+ $6 39. Kc5 $2 d4+ 40. Kc4 dxc3 41. bxc3 b5+
$6 42. Kb4 $6 a6 $6 {So that Black's Rook can be sent away instead of
protecting the b pawn} 43. h6 $2 {And here's my chance for a draw $3 $1} Rg5
44. Nf8 (44. Nf4 Rg4) (44. Nh4 Rg4+) 44... Be7+ 45. Kb3 Bxf8 46. h7 Bg7 $1 47.
h8=Q+ Bxh8 48. Rxh8+ Kb7 49. Rh7+ Kb6 50. Rh6+ Ka5 1/2-1/2